000 00495nmm a2200157Ia 4500
008 251105s9999||||xx |||||||||||||||||und||
020 _a9788477374756
041 _aspa
100 _aPérez Berenguel, José Francisco
245 0 _aLos viajes de Henry Swinburne por la España de Carlos III
264 _a[Madrid, España] :
_bSílex Ediciones,
_c2012
300 _a200 páginas
490 _aSerie Historia Moderna
856 _uhttps://public.digitaliapublishing.com/a/16909
942 _cCF
999 _c85423
_d85423